Tous les clubs allemands ayant participés à l'Europa League - Statistiques

Statistiques générales
  • Ce quiz a été pris 25 fois
  • Le résultat moyen est 21 sur 42
Statistiques - réponses
Première participation Dernière participation Nombres de participations Clubs % Correct
1986-87 2026-27 18 Leverkusen
96%
1977-78 2007-08 9 Bayern Munich
92%
1981-82 2021-22 11 Dortmund
92%
1976-77 2016-17 12 Schalke
92%
1972-73 2024-25 15 Eintracht Francfort
88%
1974-75 1984-85 5 FC Francfort
88%
1982-83 2009-10 16 Werder Breme
88%
1973-74 2025-26 18 Stuttgart
84%
2001-02 2022-23 2 Union Berlin
84%
1971-72 2017-18 15 Cologne
80%
1973-74 1987-88 7 Lokomotive Leipzig
80%
2017-18 2021-22 3 RB Leipzig
80%
2016-17 2016-17 1 Mayence
76%
1999-2000 2019-20 5 Wolfsbourg
76%
1995-96 2025-26 6 Fribourg
72%
1972-73 2019-20 14 Mönchengladbach
72%
1997-98 2000-01 2 Munich 1860
72%
1971-72 2009-10 15 Hambourg
68%
2011-12 2012-13 2 Hannovre
68%
1971-72 2017-18 11 Hertha Berlin
68%
2017-18 2026-27 4 Hoffenheim
68%
1988-89 2007-08 2 Nuremberg
60%
1972-73 2003-04 13 Kaiserslautern
52%
1973-74 1974-75 2 Fortuna Düsseldorf
48%
1997-98 2004-05 2 Bochum
44%
2015-16 2015-16 1 Augsbourg
40%
1972-73 1978-79 3 BFC Dynamo
24%
2004-05 2004-05 1 Alemania Aix-la-Chapelle
20%
1989-90 1989-90 1 Hansa Rostock
20%
1976-77 1990-91 6 Magdebourg
20%
1975-76 1978-79 2 Duisbourg
16%
1991-92 1991-92 1 Rot-Weiss Erfurt
16%
1972-73 1988-89 8 Dynamo Dresde
12%
1985-86 1987-88 2 Erzgebirge Aue
12%
1971-72 1986-87 9 Carl Zeiss Iéna
8%
1971-72 1977-78 3 Eintracht Brunswick
8%
1989-90 1990-91 2 Chemnitzer
4%
1971-72 1991-92 2 Hallescher
4%
1993-94 1997-98 3 Karlsruher
4%
1986-87 1986-87 1 Stahl Brandebourg
4%
1986-87 1986-87 1 Uerdingen
4%
1973-74 1973-74 1 Wuppertaler
4%
Aucun quiz correspondant
Distribution des résultats
% des personnes avec chaque résultat
Percentile par nombre de réponses
Votre historique - résultats
Vous n’avez pas pris ce quiz